000 00553nam a2200229Ia 4500
005 20240219094959.0
008 131103s9999 xx 000 0 und d
020 _cRs.12.75
040 _aLoreto College
041 _aEnglish
082 _a370.954
_bDAY
100 _aSingh,B.K.
245 _aSwami Dayanand,
_cB.K.Singh
250 _a2nd rev. ed.
260 _aDelhi
_bNational Book Trust
_c1985
300 _aviii,164 p.
504 _aIncludes bibliography
650 _aEducation
651 _aIndia
850 _aLCLIB
942 _cBK
999 _c4052
_d54531